<?xml version="1.0" encoding="UTF-8"?>
<record
    xmlns:xsi="http://www.w3.org/2001/XMLSchema-instance"
    xsi:schemaLocation="http://www.loc.gov/MARC21/slim http://www.loc.gov/standards/marcxml/schema/MARC21slim.xsd"
    xmlns="http://www.loc.gov/MARC21/slim">

  <leader>01309nam a2200289 a 4500</leader>
  <controlfield tag="005">20200104041536.0</controlfield>
  <controlfield tag="008">140121b2002    ck ||||| |||| 00| 0 spa d</controlfield>
  <datafield tag="041" ind1=" " ind2=" ">
    <subfield code="a">spa</subfield>
  </datafield>
  <datafield tag="044" ind1=" " ind2=" ">
    <subfield code="a">ck</subfield>
  </datafield>
  <datafield tag="090" ind1=" " ind2=" ">
    <subfield code="a">IAvH</subfield>
    <subfield code="b">00218</subfield>
  </datafield>
  <datafield tag="110" ind1=" " ind2=" ">
    <subfield code="b">Instituto de Investigaci&#xF3;n de Recursos Biol&#xF3;gicos Alexander von Humboldt. Proyecto Andes</subfield>
    <subfield code="9">4596</subfield>
  </datafield>
  <datafield tag="245" ind1=" " ind2=" ">
    <subfield code="a">Evaluaci&#xF3;n de la fragmentaci&#xF3;n, caracterizaci&#xF3;n del estado de la biodiversidad y propuesta de investigaci&#xF3;n en biodiversidad y valoraci&#xF3;n e instrumentos de pol&#xED;tica para la conservaci&#xF3;n y uso sostenible de la biodiversidad en los p&#xE1;ramos de Mamapacha y Bijagual, Boyac&#xE1; - Colombia</subfield>
  </datafield>
  <datafield tag="260" ind1=" " ind2=" ">
    <subfield code="a">Bogot&#xE1;</subfield>
    <subfield code="b">Instituto Alexander von Humboldt</subfield>
    <subfield code="c">2002</subfield>
  </datafield>
  <datafield tag="300" ind1=" " ind2=" ">
    <subfield code="a">111 p.</subfield>
  </datafield>
  <datafield tag="650" ind1=" " ind2=" ">
    <subfield code="a">Caracterizaci&#xF3;n ecol&#xF3;gica</subfield>
    <subfield code="9">4545</subfield>
  </datafield>
  <datafield tag="650" ind1=" " ind2=" ">
    <subfield code="a">Fragmentaci&#xF3;n de ecosistemas</subfield>
    <subfield code="9">4564</subfield>
  </datafield>
  <datafield tag="650" ind1=" " ind2=" ">
    <subfield code="a">P&#xE1;ramos</subfield>
    <subfield code="9">1302</subfield>
  </datafield>
  <datafield tag="650" ind1=" " ind2=" ">
    <subfield code="a">Bosques altoandinos</subfield>
    <subfield code="9">2831</subfield>
  </datafield>
  <datafield tag="650" ind1=" " ind2=" ">
    <subfield code="a">Planes de acci&#xF3;n</subfield>
    <subfield code="9">168</subfield>
  </datafield>
  <datafield tag="650" ind1=" " ind2=" ">
    <subfield code="a">Uso sostenible de biodiversidad</subfield>
    <subfield code="9">4611</subfield>
  </datafield>
  <datafield tag="662" ind1=" " ind2=" ">
    <subfield code="a">Colombia</subfield>
    <subfield code="c">Macizo de Mamapacha</subfield>
    <subfield code="d">Chinavita, Garagoa</subfield>
    <subfield code="b">Boyac&#xE1;</subfield>
  </datafield>
  <datafield tag="662" ind1=" " ind2=" ">
    <subfield code="a">Colombia</subfield>
    <subfield code="c">P&#xE1;ramo de Cristales</subfield>
    <subfield code="b">Boyac&#xE1;</subfield>
  </datafield>
  <datafield tag="662" ind1=" " ind2=" ">
    <subfield code="a">Colombia</subfield>
    <subfield code="c">P&#xE1;ramo de Castillejo</subfield>
    <subfield code="b">Boyac&#xE1;</subfield>
  </datafield>
  <datafield tag="662" ind1=" " ind2=" ">
    <subfield code="a">Colombia</subfield>
    <subfield code="c">P&#xE1;ramo de Bijagual</subfield>
    <subfield code="d">Ci&#xE9;naga, Rond&#xF3;n</subfield>
    <subfield code="b">Boyac&#xE1;</subfield>
  </datafield>
  <datafield tag="650" ind1=" " ind2=" ">
    <subfield code="a">Gesti&#xF3;n ambiental</subfield>
    <subfield code="9">92206</subfield>
  </datafield>
  <datafield tag="942" ind1=" " ind2=" ">
    <subfield code="c">CD-ROM</subfield>
    <subfield code="2">z</subfield>
    <subfield code="0">4</subfield>
  </datafield>
  <datafield tag="999" ind1=" " ind2=" ">
    <subfield code="c">2891</subfield>
    <subfield code="d">2891</subfield>
  </datafield>
  <datafield tag="952" ind1=" " ind2=" ">
    <subfield code="0">0</subfield>
    <subfield code="1">0</subfield>
    <subfield code="2">z</subfield>
    <subfield code="4">0</subfield>
    <subfield code="7">0</subfield>
    <subfield code="8">HUMBOLDT</subfield>
    <subfield code="a">Bogota</subfield>
    <subfield code="b">Bogota</subfield>
    <subfield code="d">2002-08-20</subfield>
    <subfield code="e">Ochoa, Diego</subfield>
    <subfield code="l">4</subfield>
    <subfield code="o">IAvH-00218</subfield>
    <subfield code="p">059825</subfield>
    <subfield code="r">2024-08-09 00:00:00</subfield>
    <subfield code="s">2016-02-08</subfield>
    <subfield code="t">Ej. 1</subfield>
    <subfield code="w">2012-12-04</subfield>
    <subfield code="x">Entregado</subfield>
    <subfield code="y">INFORME</subfield>
  </datafield>
  <datafield tag="952" ind1=" " ind2=" ">
    <subfield code="0">0</subfield>
    <subfield code="1">0</subfield>
    <subfield code="2">z</subfield>
    <subfield code="4">0</subfield>
    <subfield code="7">0</subfield>
    <subfield code="8">HUMBOLDT</subfield>
    <subfield code="a">Bogota</subfield>
    <subfield code="b">Bogota</subfield>
    <subfield code="d">2002-08-20</subfield>
    <subfield code="e">Ochoa, Diego</subfield>
    <subfield code="l">0</subfield>
    <subfield code="o">IAvH-00218</subfield>
    <subfield code="p">018002</subfield>
    <subfield code="r">2012-12-04 00:00:00</subfield>
    <subfield code="t">Ej. 2</subfield>
    <subfield code="w">2012-12-04</subfield>
    <subfield code="y">INFORME</subfield>
    <subfield code="z">Mapa de ecosistemas 2000</subfield>
  </datafield>
  <datafield tag="952" ind1=" " ind2=" ">
    <subfield code="0">0</subfield>
    <subfield code="1">0</subfield>
    <subfield code="2">z</subfield>
    <subfield code="4">0</subfield>
    <subfield code="7">0</subfield>
    <subfield code="8">HUMBOLDT</subfield>
    <subfield code="a">Bogota</subfield>
    <subfield code="b">Bogota</subfield>
    <subfield code="d">2002-08-20</subfield>
    <subfield code="e">Ochoa, Diego</subfield>
    <subfield code="l">0</subfield>
    <subfield code="o">IAvH-00218</subfield>
    <subfield code="p">018003</subfield>
    <subfield code="r">2012-12-04 00:00:00</subfield>
    <subfield code="t">Ej. 3</subfield>
    <subfield code="w">2012-12-04</subfield>
    <subfield code="y">INFORME</subfield>
    <subfield code="z">Mapa de &#xE1;reas prioritarias de conservaci&#xF3;n Municipio de Rond&#xF3;n</subfield>
  </datafield>
  <datafield tag="952" ind1=" " ind2=" ">
    <subfield code="0">0</subfield>
    <subfield code="1">0</subfield>
    <subfield code="2">z</subfield>
    <subfield code="4">0</subfield>
    <subfield code="7">0</subfield>
    <subfield code="8">HUMBOLDT</subfield>
    <subfield code="a">Bogota</subfield>
    <subfield code="b">Bogota</subfield>
    <subfield code="d">2002-08-20</subfield>
    <subfield code="e">Ochoa, Diego</subfield>
    <subfield code="l">0</subfield>
    <subfield code="o">IAvH-00218</subfield>
    <subfield code="p">018004</subfield>
    <subfield code="r">2012-12-04 00:00:00</subfield>
    <subfield code="t">Ej. 4</subfield>
    <subfield code="w">2012-12-04</subfield>
    <subfield code="y">INFORME</subfield>
    <subfield code="z">Mapa general de ecosistemas naturales</subfield>
  </datafield>
  <datafield tag="952" ind1=" " ind2=" ">
    <subfield code="0">0</subfield>
    <subfield code="1">0</subfield>
    <subfield code="2">z</subfield>
    <subfield code="4">0</subfield>
    <subfield code="7">0</subfield>
    <subfield code="8">HUMBOLDT</subfield>
    <subfield code="a">Bogota</subfield>
    <subfield code="b">Bogota</subfield>
    <subfield code="d">2002-08-20</subfield>
    <subfield code="e">Ochoa, Diego</subfield>
    <subfield code="l">0</subfield>
    <subfield code="o">IAvH-00218</subfield>
    <subfield code="p">018005</subfield>
    <subfield code="r">2012-12-04 00:00:00</subfield>
    <subfield code="t">Ej. 5</subfield>
    <subfield code="w">2012-12-04</subfield>
    <subfield code="y">INFORME</subfield>
    <subfield code="z">Area de estudio. Imagen de sat&#xE9;lite Landsat 7 ETM+</subfield>
  </datafield>
</record>
